01498nam a22003377a 4500003000900000008004100009040007100050082001700121100002000138245006500158260005100223300002800274440007700302505038600379650002100765650001000786650001400796700003400810700003000844700002200874700002300896700003000919700002900949700002600978700001901004700002801023700002101051700003201072700002501104700003101129AR-CdUCM190225b ||||| |||| 00| 0 spa d aMUNICIPALIDAD PROVINCIAL DEL CUSCOcBIBLIOTECA MUNICIPAL DEL CUSCO a985.6 /bR21 aRamos, Gabriela aCatolicismo y extirpación de idolatrias siglos XVI-XVIII / aCusco :bCentro Bartolome de las Casas,c1993. a482 páginas ;c21 cm. aCuadernos para la historia de la evangelización en América Latinan5 aContenido: Idolos, figuras, imagenes. La representación como discurso ideológico -- La idolatría, símbolo de América en Calderon de la Barca -- Experiencias evangelizadoras en los Andes en siglo XVI: ¿Quién pagó las consecuencias? -- Idolatrías en Charas (1560-1620): datos sobre su existencia como paso previo para la valoración del tema de su extirpación ... aEvangelización aAndes aSiglo XVI aUrbano, Henrique (compilador) aGarcía Alvarez, César aCastelló, Vidal aBarnadas, Josep M. aGutierrez Arbulú, Laura aGuibovich Pérez, Pedro aGarcía, Juan Carlos aSánchez, Ana aBautista Lassegue, Juan aCastro, Victoria aAramoni Calderón, Dolores aViqueira, Juan Pedro aEsponera Cerdán, Alfonso